01285cam a22003374i 4500003000900000005001700009008004100026035001900067040003300086082001900119100003800138245007100176264005400247300002800301336002100329337002500350338002300375505042700398526001000825526001000835526001000845526001000855526000800865526000800873526000800881526000800889526000800897526000800905526000800913630002600921PE-LiUPU20250904150228.0150617s1963    ag      r     000 0 spa d  a(Sirsi) a11146  aPE-LiUPUbspacPE-LiUPUerda04a242.4bA532211 aAmpuero Matta, Victor E.,eautor.10aEsta era Maravillosa y Nuestro Destino /cVictor E. Ampuero Matta. 1aBuenos Aires :bCasa Editora sudamericana,c1963.  a127 páginas ;c20 cm.  atext2rdacontent  aunmediated2rdamedia  avolume2rdacarrier0 aNuestro siglo de maravillas -- Sombras en el panorama -- Una respuesta digna de confianza -- La intervención decisiva -- Significado de los trubulentos dias que vivimos -- Alteraciones de la naturaleza que merecen explicación -- La grave delincuencia actual y su unica solución un mensaje que debía ser proclamado -- El precio de la esperanza -- Un requisito inprescindible -- Cómo alcanzar la mayor bendición.  aSEG42  aSEG41  aSEG40  aSEG39  aP94  aP87  aP86  aP85  aP77  aP76  aP35 0aBiblia.xProfecías.